[Event "SR 4. liga A21 2014/2015"]
[Site "?"]
[Date "2014.10.26"]
[Round "2.6"]
[White "Tokos, Rastislav"]
[Black "Gajarsky, Julius"]
[Result "1-0"]
[WhiteElo "1827"]
[BlackElo "1798"]
[PlyCount "115"]
[EventDate "2014.??.??"]

1. e4 c5 2. Nf3 Nc6 3. d4 cxd4 4. Nxd4 Nf6 5. Nc3 e5 6. Nb3 a6 7. Bg5 Be7 8.
Qd2 O-O 9. Be2 d6 10. O-O-O Be6 11. Kb1 Rc8 12. f3 Bxb3 13. axb3 Nd4 14. Be3
Nxe2 15. Qxe2 b5 16. Nd5 Nxd5 17. Rxd5 Qc7 18. Rhd1 Rfe8 19. R1d3 Qb8 20. Qf2
Rc6 21. f4 f6 22. h4 Rec8 23. Rd2 Bd8 24. g4 Bb6 25. Bxb6 Qxb6 26. Qxb6 Rxb6
27. f5 Rcc6 28. Rg2 Kf7 29. Rd3 Rb7 30. Rdg3 g5 31. hxg5 fxg5 32. Rh3 Kg8 33.
Rh6 Rd7 34. Rgh2 a5 35. R2h5 Rg7 36. Re6 Kf8 37. Rhh6 Rf7 38. Rxd6 Rc5 39. Rhe6
Rfc7 40. c3 Kf7 41. Rd5 Rxd5 42. exd5 Re7 43. Rh6 Kg8 44. d6 Rd7 45. Kc2 Kg7
46. Re6 Kf8 47. c4 h5 48. gxh5 g4 49. c5 g3 50. Rxe5 g2 51. Re1 Kf7 52. Rg1 Kf6
53. Rxg2 Kxf5 54. Rg6 Rh7 55. c6 Rxh5 56. c7 Rh2+ 57. Kb1 Rh1+ 58. Ka2 1-0

[Event "SR 4. liga A21 2014/2015"]
[Site "?"]
[Date "2014.10.26"]
[Round "2.6"]
[White "Bango, Dominik"]
[Black "Bendzela, Tibor"]
[Result "0-1"]
[WhiteElo "1557"]
[BlackElo "1515"]
[PlyCount "62"]
[EventDate "2014.??.??"]

1. e4 d5 2. exd5 Qxd5 3. Nc3 Qa5 4. Nf3 Nf6 5. d3 c6 6. Be2 Bf5 7. O-O e6 8.
Bf4 Nbd7 9. a3 Be7 10. Nd4 Bg6 11. Nb3 Qb6 12. a4 O-O 13. a5 Qd8 14. Bf3 a6 15.
Na4 Nd5 16. Bxd5 cxd5 17. Be3 Bd6 18. Nbc5 Nxc5 19. Nxc5 Bxc5 20. Bxc5 Re8 21.
b4 e5 22. d4 e4 23. Re1 Qg5 24. Ra3 Re6 25. Rae3 f5 26. Rg3 Qf6 27. Qd2 f4 28.
Rc3 Rae8 29. Kh1 Qf5 30. Kg1 f3 31. Rce3 Qg4 0-1

[Event "SR 4. liga A21 2014/2015"]
[Site "?"]
[Date "2014.11.09"]
[Round "3.1"]
[White "Lanik, Miroslav"]
[Black "Nemeckay, Rastislav"]
[Result "1/2-1/2"]
[WhiteElo "1895"]
[BlackElo "1985"]
[PlyCount "35"]
[EventDate "2014.??.??"]

1. e4 e5 2. Nf3 Nc6 3. Bb5 a6 4. Ba4 Nf6 5. O-O b5 6. Bb3 Be7 7. Re1 d6 8. c3
O-O 9. h3 Na5 10. Bc2 c5 11. d4 Qc7 12. d5 Nc4 13. Nbd2 Nxd2 14. Bxd2 Ne8 15.
a4 bxa4 16. c4 Qb7 17. Bc3 g6 18. Bxa4 1/2-1/2

[Event "SR 4. liga A21 2014/2015"]
[Site "?"]
[Date "2014.11.09"]
[Round "3.1"]
[White "Pipiska, Adam"]
[Black "Palka, Miroslav"]
[Result "1/2-1/2"]
[WhiteElo "1772"]
[BlackElo "1912"]
[PlyCount "61"]
[EventDate "2014.??.??"]

1. e4 c5 2. Nf3 d6 3. d4 cxd4 4. Nxd4 Nf6 5. Nc3 g6 6. Be2 Bg7 7. Be3 O-O 8.
Qd2 Ng4 9. Bxg4 Bxg4 10. f3 Bd7 11. Bh6 Nc6 12. Bxg7 Kxg7 13. O-O-O Qb6 14. Nb3
Be6 15. Nd5 Bxd5 16. exd5 Ne5 17. f4 Ng4 18. Nd4 Rac8 19. Qe2 Nf6 20. Qxe7 Nxd5
21. Nf5+ gxf5 22. Rxd5 Rfe8 23. Qg5+ Kh8 24. Qf6+ Kg8 25. Rd3 Re3 26. Qxd6 Qxd6
27. Rxd6 Re2 28. Rd2 Rce8 29. Rf1 Kg7 30. Kd1 R2e7 31. c3 1/2-1/2

[Event "SR 4. liga A21 2014/2015"]
[Site "?"]
[Date "2014.11.09"]
[Round "3.1"]
[White "Havlicek, Peter"]
[Black "Celustkova, Lubica"]
[Result "0-1"]
[WhiteElo "1837"]
[BlackElo "1614"]
[PlyCount "102"]
[EventDate "2014.??.??"]

1. e4 e5 2. Nf3 Nc6 3. Bc4 Be7 4. c3 Nf6 5. Qe2 O-O 6. O-O d6 7. d4 exd4 8.
cxd4 Bg4 9. Rd1 d5 10. exd5 Nxd5 11. Nc3 Nb6 12. Qe4 Bxf3 13. Bxf7+ Rxf7 14.
gxf3 Bd6 15. Qg4 Qf6 16. Rd3 Re8 17. Bg5 Qf5 18. Rad1 Nb4 19. Re3 Rxe3 20. fxe3
Qxf3 21. Qxf3 Rxf3 22. e4 Rd3 23. Rxd3 Nxd3 24. b3 c6 25. e5 Bf8 26. Ne4 h6 27.
Bd2 Kf7 28. Kf1 Nd5 29. Ke2 N3b4 30. a4 Ke6 31. Bc1 Na2 32. Bb2 Bb4 33. Kd3 g5
34. Kc4 Ne3+ 35. Kd3 Nf1 36. h3 Nh2 37. Kc4 Nf3 38. Nf6 Ng1 39. d5+ cxd5+ 40.
Nxd5 Ba5 41. h4 g4 42. Nf4+ Kf5 43. Ng2 Nf3 44. Kd5 Nc3+ 45. Bxc3 Bxc3 46. e6
Bf6 47. Kd6 Nxh4 48. Ne3+ Kg5 49. e7 Bxe7+ 50. Kxe7 Nf5+ 51. Nxf5 Kxf5 0-1

[Event "SR 4. liga A21 2014/2015"]
[Site "?"]
[Date "2014.11.09"]
[Round "3.1"]
[White "Klimes, Karel"]
[Black "Fidericky, Milan"]
[Result "1-0"]
[WhiteElo "1688"]
[BlackElo "1772"]
[PlyCount "121"]
[EventDate "2014.??.??"]

1. e4 e5 2. Nf3 Nf6 3. Nxe5 d6 4. Nf3 Nxe4 5. Nc3 Nxc3 6. dxc3 Nc6 7. Bc4 Be7
8. O-O O-O 9. Re1 Bg4 10. h3 Bh5 11. Qd5 Bxf3 12. Qxf3 Ne5 13. Qe4 Nxc4 14.
Qxc4 d5 15. Qg4 Re8 16. Be3 Qc8 17. Qa4 c6 18. Re2 Qd7 19. Rae1 b5 20. Qd4 Bf6
21. Qd3 Re6 22. Bd4 Rxe2 23. Rxe2 Bxd4 24. Qxd4 Qd6 25. Qh4 h6 26. Qe7 Qxe7 27.
Rxe7 a5 28. Rc7 Ra6 29. f4 g6 30. Kf2 Kg7 31. Ke3 b4 32. Kd4 bxc3 33. Kxc3 Rb6
34. b3 Kf6 35. a3 Ke6 36. Kd4 Kd6 37. Rxf7 c5+ 38. Kc3 Ke6 39. Rc7 c4 40. g4
Kd6 41. Ra7 cxb3 42. cxb3 d4+ 43. Kc4 d3 44. Kc3 d2 45. Kxd2 Rxb3 46. Rxa5 Rxh3
47. Ra6+ Kd5 48. Rxg6 Ke4 49. f5 Rxa3 50. Rxh6 Kf4 51. Rg6 Rg3 52. Rg8 Ke5 53.
Ke2 Kf6 54. Kf2 Rh3 55. Rg6+ Kf7 56. Re6 Rc3 57. Re3 Rc1 58. Kg3 Kf6 59. Re6+
Kf7 60. Kf4 Rf1+ 61. Kg5 1-0

[Event "SR 4. liga A21 2014/2015"]
[Site "?"]
[Date "2014.11.09"]
[Round "3.1"]
[White "Huska, Branislav"]
[Black "Wallner, Juraj"]
[Result "1-0"]
[WhiteElo "1689"]
[BlackElo "1606"]
[PlyCount "37"]
[EventDate "2014.??.??"]

1. e4 c5 2. Nf3 e6 3. d4 d5 4. Bb5+ Nc6 5. exd5 exd5 6. O-O Nf6 7. Re1+ Be6 8.
Ng5 Ne4 9. Nxe4 dxe4 10. Rxe4 Be7 11. Nc3 cxd4 12. Rxd4 Qb6 13. Nd5 Bxd5 14.
Rxd5 O-O 15. Be3 Qc7 16. Rd7 Qe5 17. Rxb7 Rfd8 18. Qe1 Na5 19. Qxa5 1-0

[Event "SR 4. liga A21 2014/2015"]
[Site "?"]
[Date "2014.11.09"]
[Round "3.2"]
[White "Diviak, Rudolf"]
[Black "Mackovic, Miroslav"]
[Result "1/2-1/2"]
[WhiteElo "1836"]
[BlackElo "1846"]
[PlyCount "34"]
[EventDate "2014.??.??"]

1. e4 c5 2. Bc4 d6 3. Qe2 Nc6 4. c3 g6 5. d3 Bg7 6. Bb3 Qc7 7. Nf3 e6 8. O-O
Nge7 9. Bf4 O-O 10. Nbd2 Rd8 11. Rac1 b5 12. Rfe1 Qd7 13. Nf1 a5 14. d4 a4 15.
Bc2 cxd4 16. Bd3 Ba6 17. Red1 d5 1/2-1/2

[Event "SR 4. liga A21 2014/2015"]
[Site "?"]
[Date "2014.11.09"]
[Round "3.2"]
[White "Kozinka, Jan"]
[Black "Buran, Andrej"]
[Result "1/2-1/2"]
[WhiteElo "1791"]
[BlackElo "1586"]
[PlyCount "43"]
[EventDate "2014.??.??"]

1. d4 d5 2. c4 e6 3. Nc3 Nf6 4. Bg5 Be7 5. Nf3 O-O 6. e3 Nbd7 7. Bd3 b6 8. O-O
Bb7 9. Qc2 dxc4 10. Bxc4 Bxf3 11. gxf3 c5 12. Rad1 Qc7 13. d5 exd5 14. Bxf6
Nxf6 15. Nxd5 Nxd5 16. Bxd5 Rad8 17. Be4 g6 18. f4 Rxd1 19. Rxd1 Rd8 20. Rxd8+
Qxd8 21. Qd3 Qxd3 22. Bxd3 1/2-1/2

[Event "SR 4. liga A21 2014/2015"]
[Site "?"]
[Date "2014.11.09"]
[Round "3.2"]
[White "Ulehla, Jakub"]
[Black "Capanda, Jan"]
[Result "0-1"]
[WhiteElo "1479"]
[BlackElo "1762"]
[PlyCount "90"]
[EventDate "2014.??.??"]

1. e4 Nf6 2. e5 Nd5 3. d4 e6 4. Nf3 h6 5. Be2 Be7 6. O-O d6 7. c4 Nb6 8. Nc3 a6
9. Re1 d5 10. cxd5 Nxd5 11. Nxd5 exd5 12. Bf4 Be6 13. Rc1 Nc6 14. Qc2 g5 15.
Be3 g4 16. Nd2 Kf8 17. Nb3 Kg7 18. Bd3 Nb4 19. Qb1 Nxd3 20. Qxd3 b6 21. a3 h5
22. Bd2 Qd7 23. Qe3 Rag8 24. Rc3 a5 25. Rec1 Rc8 26. Rc6 a4 27. Na1 Bf5 28. Rh6
c5 29. Rxb6 cxd4 30. Qxd4 Rxc1+ 31. Bxc1 Qc7 32. Bf4 Bc5 33. e6+ Bxd4 34. Bxc7
Bxb6 35. Bxb6 Bxe6 36. Kf1 Rc8 37. Be3 Kf6 38. Ke2 Ke5 39. Kd3 Bf5+ 40. Kd2 d4
41. Bh6 Kd5 42. Bg7 Kc4 43. Nc2 Bxc2 44. Kxc2 Re8 45. Kd2 d3 0-1

[Event "SR 4. liga A21 2014/2015"]
[Site "?"]
[Date "2014.11.09"]
[Round "3.2"]
[White "Bango, Dominik"]
[Black "Trojkova, Michaela"]
[Result "1-0"]
[WhiteElo "1557"]
[BlackElo "1461"]
[PlyCount "49"]
[EventDate "2014.??.??"]

1. e4 c5 2. Nf3 Nc6 3. d4 cxd4 4. Nxd4 g6 5. Nc3 Bg7 6. Be3 Nf6 7. Be2 O-O 8.
O-O a6 9. Qd2 d6 10. f3 Bd7 11. Rad1 Qc7 12. Nxc6 Bxc6 13. Nd5 Nxd5 14. exd5
Bd7 15. c3 Rac8 16. Rfe1 Rfe8 17. Bf1 Ba4 18. Rc1 Bd7 19. c4 Rb8 20. b3 Bc8 21.
c5 dxc5 22. Bf4 Bh6 23. Bxh6 Qb6 24. Qe3 Qa5 25. Qe5 1-0

[Event "SR 4. liga A21 2014/2015"]
[Site "?"]
[Date "2014.11.09"]
[Round "3.2"]
[White "Hrdlicka, Martin"]
[Black "Rau, Vladimir"]
[Result "0-1"]
[WhiteElo "1232"]
[BlackElo "1504"]
[PlyCount "58"]
[EventDate "2014.??.??"]

1. e4 c6 2. Nc3 d5 3. exd5 cxd5 4. d4 Nf6 5. Bf4 a6 6. Nf3 e6 7. Qd2 Be7 8. Be2
Nc6 9. O-O-O O-O 10. Ne5 Bd7 11. g4 Bb4 12. f3 Rc8 13. Qd3 Nxe5 14. dxe5 Ne8
15. Nb1 Bb5 16. Qe3 Qc7 17. c3 Bc5 18. Qd2 d4 19. Bd3 dxc3 20. Qc2 cxb2+ 21.
Kd2 Bb4+ 22. Nc3 Bxc3+ 23. Ke2 Bxd3+ 24. Rxd3 Ba5 25. Qxb2 Qc2+ 26. Qxc2 Rxc2+
27. Ke3 Bb6+ 28. Ke4 Rc4+ 29. Rd4 Rxd4+ 0-1

[Event "SR 4. liga A21 2014/2015"]
[Site "?"]
[Date "2014.11.09"]
[Round "3.3"]
[White "Zlamal, Marek"]
[Black "Podjavorinsky, Michal"]
[Result "0-1"]
[WhiteElo "1671"]
[BlackElo "1736"]
[PlyCount "38"]
[EventDate "2014.??.??"]

1. d4 Nf6 2. Nc3 g6 3. e4 d6 4. Bc4 Bg7 5. Nge2 O-O 6. O-O Nbd7 7. Be3 e5 8.
Qd2 Ng4 9. Bg5 Qe8 10. Nd5 Nb6 11. Nxc7 Nxc4 12. Qc3 Qc6 13. Nxa8 exd4 14. Nxd4
Qxe4 15. Rad1 Qe5 16. f4 Qe3+ 17. Qxe3 Ngxe3 18. Nb5 Nxd1 19. Rxd1 Bg4 0-1

[Event "SR 4. liga A21 2014/2015"]
[Site "?"]
[Date "2014.11.09"]
[Round "3.3"]
[White "Miciak, Emanuel"]
[Black "Antalek, Rudolf"]
[Result "1-0"]
[WhiteElo "1882"]
[BlackElo "1532"]
[PlyCount "81"]
[EventDate "2014.??.??"]

1. d4 Nf6 2. c4 c5 3. d5 e6 4. Nc3 exd5 5. cxd5 d6 6. e4 a6 7. a4 g6 8. Bd3 Bg7
9. Nge2 O-O 10. O-O Re8 11. Bg5 Nbd7 12. f4 Qc7 13. Rc1 b6 14. b3 Bb7 15. Ng3
h6 16. Bh4 Nf8 17. Nh1 Bc8 18. Nf2 Kh8 19. h3 Qd7 20. Qd2 Ng8 21. Kh1 Ne7 22.
Ng4 Ng8 23. Rce1 Qc7 24. Ne3 Bd7 25. Rf3 Reb8 26. Ng4 Re8 27. Bg3 Bxg4 28. hxg4
Nd7 29. Ref1 Ngf6 30. g5 Ng8 31. gxh6 Bxh6 32. Bh2 Kg7 33. Rh3 Nf8 34. Qb2 f6
35. g4 g5 36. Rxh6 Nxh6 37. fxg5 Nxg4 38. gxf6+ Kf7 39. Qg2 Nxf6 40. e5 dxe5
41. Ne4 1-0

[Event "SR 4. liga A21 2014/2015"]
[Site "?"]
[Date "2014.11.09"]
[Round "3.3"]
[White "Drabek, Martin"]
[Black "Smrek, Peter"]
[Result "0-1"]
[WhiteElo "1456"]
[BlackElo "1831"]
[PlyCount "92"]
[EventDate "2014.??.??"]

1. e4 c5 2. Nf3 Nc6 3. Bc4 e6 4. d3 Nge7 5. Bg5 Qc7 6. a3 d5 7. exd5 exd5 8.
Bxe7 Qxe7+ 9. Qe2 dxc4 10. Qxe7+ Bxe7 11. dxc4 Be6 12. b3 Bf6 13. Ra2 O-O-O 14.
O-O Rd7 15. Nbd2 Rhd8 16. Ne4 Be7 17. c3 h6 18. h3 f5 19. Ng3 g6 20. Re1 Bf7
21. Rae2 Bf6 22. Rc2 Rd1 23. Rxd1 Rxd1+ 24. Kh2 Rd3 25. Ne2 Na5 26. Nd2 Kc7 27.
g3 Bg5 28. Nf4 Bxf4 29. gxf4 Rxd2 30. Rxd2 Nxb3 31. Re2 Kd7 32. Rb2 Bxc4 33.
Kg3 b5 34. Rb1 Bd5 35. Rd1 Kd6 36. a4 bxa4 37. c4 a3 38. Rxd5+ Kc6 39. Rd3 a2
40. Rxb3 a1=Q 41. Re3 Qf6 42. Ra3 Kb7 43. Rb3+ Ka8 44. Rd3 a5 45. Rd5 Qc3+ 46.
Kg2 Qxc4 0-1

[Event "SR 4. liga A21 2014/2015"]
[Site "?"]
[Date "2014.11.09"]
[Round "3.3"]
[White "Podjavorinsky, Peter"]
[Black "Spanik, Ondrej"]
[Result "1-0"]
[WhiteElo "1707"]
[BlackElo "1228"]
[PlyCount "61"]
[EventDate "2014.??.??"]

1. e4 e5 2. Nf3 Nc6 3. Bc4 Nf6 4. Ng5 d5 5. exd5 Na5 6. Bb5+ Bd7 7. Qe2 Bxb5 8.
Qxb5+ c6 9. dxc6 Nxc6 10. O-O Qb6 11. Qc4 Qc7 12. d4 O-O-O 13. Nxf7 Nxd4 14.
Na3 Bxa3 15. Qxc7+ Kxc7 16. bxa3 Nxc2 17. Rb1 Rhf8 18. Nxd8 Rxd8 19. Bb2 Nd4
20. Rfe1 Nc6 21. Rbc1 Kb8 22. f3 Rd2 23. Bxe5+ Nxe5 24. Rxe5 a6 25. Re7 g6 26.
Rb1 b5 27. a4 Rxa2 28. axb5 a5 29. Rd1 Kc8 30. b6 Rb2 31. Rc7+ 1-0

[Event "SR 4. liga A21 2014/2015"]
[Site "?"]
[Date "2014.11.09"]
[Round "3.3"]
[White "Uhliarik, Adam"]
[Black "Madzo, Anton"]
[Result "0-1"]
[WhiteElo "1000"]
[BlackElo "1582"]
[PlyCount "76"]
[EventDate "2014.??.??"]

1. e4 e5 2. Nf3 Nc6 3. c3 h6 4. d4 exd4 5. cxd4 Bb4+ 6. Nc3 d6 7. a3 Bxc3+ 8.
bxc3 Bg4 9. h3 Bh5 10. Bb5 a6 11. Bxc6+ bxc6 12. Qa4 Ne7 13. Nd2 O-O 14. O-O f5
15. Re1 f4 16. d5 c5 17. e5 Nxd5 18. Qc4 c6 19. exd6 Qxd6 20. Ne4 Qe7 21. Bd2
Qc7 22. Nxc5 Bf7 23. Nxa6 Qd6 24. Re2 Nb6 25. Qb4 Qxb4 26. Nxb4 Bc4 27. Re4 f3
28. Be3 Nd5 29. Rxc4 Nxe3 30. fxe3 Rae8 31. e4 fxg2 32. Kxg2 c5 33. Nd3 Re6 34.
Nxc5 Rg6+ 35. Kh1 Rf3 36. Ra2 Rgg3 37. e5 Rxh3+ 38. Rh2 Rhg3 0-1

[Event "SR 4. liga A21 2014/2015"]
[Site "?"]
[Date "2014.11.09"]
[Round "3.4"]
[White "Hirmajer, Jan"]
[Black "Vepy, Ivan"]
[Result "1-0"]
[WhiteElo "1966"]
[BlackElo "1923"]
[PlyCount "35"]
[EventDate "2014.??.??"]

1. c4 e5 2. Nc3 Nf6 3. g3 Nc6 4. Bg2 Be7 5. Nf3 O-O 6. d3 d6 7. Rb1 Bg4 8. b4
Rb8 9. b5 Nd4 10. Be3 c5 11. bxc6 bxc6 12. Nxd4 exd4 13. Bxd4 c5 14. Be3 Be6
15. O-O d5 16. cxd5 Nxd5 17. Nxd5 Bxd5 18. Rxb8 1-0

[Event "SR 4. liga A21 2014/2015"]
[Site "?"]
[Date "2014.11.09"]
[Round "3.4"]
[White "Vogl, Zdenek"]
[Black "Lajda, Dusan"]
[Result "1/2-1/2"]
[WhiteElo "1909"]
[BlackElo "1853"]
[PlyCount "66"]
[EventDate "2014.??.??"]

1. e4 c5 2. Nf3 d6 3. d4 cxd4 4. Nxd4 Nf6 5. Nc3 a6 6. f4 Nbd7 7. Bc4 e6 8. O-O
b5 9. Bd3 Bb7 10. a3 Nc5 11. Qe2 Nxd3 12. cxd3 Be7 13. f5 e5 14. Nf3 O-O 15. h3
Nd7 16. b4 Rc8 17. Bd2 Nb6 18. Rac1 f6 19. Nh4 Rf7 20. Qh5 d5 21. Rfd1 dxe4 22.
dxe4 Nc4 23. Be3 Qe8 24. Bf2 Nxa3 25. Nd5 Bxd5 26. Rxc8 Qxc8 27. Rxd5 Bxb4 28.
Qd1 Ba5 29. Bc5 Nc4 30. Ng6 Qc7 31. Qd3 Nb2 32. Qb3 Nc4 33. Qd3 Nb2 1/2-1/2

[Event "SR 4. liga A21 2014/2015"]
[Site "?"]
[Date "2014.11.09"]
[Round "3.4"]
[White "Krchnak, Rudolf"]
[Black "Hrubsa, Marian"]
[Result "1-0"]
[WhiteElo "1796"]
[BlackElo "1826"]
[PlyCount "97"]
[EventDate "2014.??.??"]

1. d4 d5 2. Nc3 Nf6 3. Bg5 e6 4. e4 Be7 5. e5 Nfd7 6. h4 Bxg5 7. hxg5 Qxg5 8.
Nh3 Qe7 9. Nf4 Nc6 10. a3 Nb6 11. Qg4 Bd7 12. Qxg7 O-O-O 13. Rxh7 Rxh7 14. Qxh7
Nxd4 15. O-O-O c5 16. g3 Nc6 17. Qg7 Kb8 18. Nh5 a6 19. f4 Bc8 20. Nf6 Nd7 21.
Nxd7+ Bxd7 22. Be2 Nd4 23. Bh5 Rf8 24. g4 b5 25. g5 Nf5 26. Qh7 b4 27. axb4
cxb4 28. Ne2 Qc5 29. Kb1 Rc8 30. Rc1 Ne3 31. Bxf7 Nc4 32. Qd3 Bb5 33. Qd4 Qc6
34. g6 Qd7 35. Ka2 a5 36. b3 Na3 37. Qb6+ Ka8 38. Qxa5+ Kb7 39. Qxb4 Ra8 40.
Kb2 Ra6 41. Nd4 Ka7 42. Qc5+ Kb7 43. Nxe6 Nc4+ 44. bxc4 Bxc4 45. Qc7+ Qxc7 46.
Nxc7 Rb6+ 47. Kc3 Rc6 48. Kd4 Rxc7 49. Bxd5+ 1-0

[Event "SR 4. liga A21 2014/2015"]
[Site "?"]
[Date "2014.11.09"]
[Round "3.4"]
[White "Planka, Peter"]
[Black "Bjel, Lubos"]
[Result "0-1"]
[WhiteElo "1764"]
[BlackElo "1760"]
[PlyCount "66"]
[EventDate "2014.??.??"]

1. e4 e6 2. d4 d5 3. Nc3 Bb4 4. exd5 exd5 5. Nf3 Nf6 6. Bd2 Nc6 7. Be2 Bg4 8.
Bg5 h6 9. Bxf6 Qxf6 10. O-O O-O-O 11. Ne5 Bxe2 12. Qxe2 Bxc3 13. bxc3 Nxe5 14.
dxe5 Qe6 15. Rab1 Rhe8 16. Rfe1 Rd7 17. Qb5 c6 18. Qa4 a6 19. Rb3 Qf5 20. Reb1
Qxe5 21. g3 Ree7 22. Qg4 f5 23. Qb4 g5 24. c4 Qd4 25. cxd5 Qxb4 26. Rxb4 Rxd5
27. c3 b5 28. c4 Rd2 29. cxb5 axb5 30. a4 Ree2 31. f4 Rg2+ 32. Kf1 Rxh2 33.
fxg5 Rh1# 0-1

[Event "SR 4. liga A21 2014/2015"]
[Site "?"]
[Date "2014.11.09"]
[Round "3.4"]
[White "Kosiarcik, Maximilian"]
[Black "Bartos, Bohumil"]
[Result "1-0"]
[WhiteElo "1437"]
[BlackElo "1502"]
[PlyCount "53"]
[EventDate "2014.??.??"]

1. e4 c5 2. Nf3 d6 3. d4 cxd4 4. Nxd4 Nf6 5. Nc3 a6 6. Bg5 e6 7. Bc4 Be7 8. Qd2
b5 9. Bb3 Bb7 10. f3 Nbd7 11. O-O-O O-O 12. Kb1 Nc5 13. h4 Nxb3 14. Nxb3 Qc7
15. Bf4 e5 16. Bg5 Rfd8 17. Bxf6 Bxf6 18. g4 g6 19. g5 Bg7 20. h5 Qe7 21. Na5
Rab8 22. Nxb7 Rxb7 23. Nd5 Qe6 24. hxg6 Qxg6 25. Rh2 f5 26. gxf6 Bxf6 27. Rg2
1-0

[Event "SR 4. liga A21 2014/2015"]
[Site "?"]
[Date "2014.11.09"]
[Round "3.5"]
[White "Kubis, Ivan"]
[Black "Sadlon, Juraj"]
[Result "1/2-1/2"]
[WhiteElo "1991"]
[BlackElo "1820"]
[PlyCount "159"]
[EventDate "2014.??.??"]

1. e4 e5 2. Nf3 Nc6 3. Bb5 a6 4. Ba4 b5 5. Bb3 Nf6 6. O-O Be7 7. Re1 d6 8. c3
O-O 9. h3 Na5 10. Bc2 c5 11. d4 cxd4 12. cxd4 Qc7 13. Nbd2 Be6 14. Nf1 Rfc8 15.
Ne3 Nc4 16. Bd3 exd4 17. Nxd4 Nd7 18. Nd5 Bxd5 19. exd5 Bf6 20. Nc6 Nde5 21.
Nxe5 Nxe5 22. Bf5 Re8 23. Bf4 Nc4 24. Qc2 g6 25. Bd3 Bxb2 26. Rad1 Bf6 27. a4
Rxe1+ 28. Rxe1 Qa5 29. Rc1 Ne5 30. Bxe5 Bxe5 31. Qc6 Rb8 32. axb5 axb5 33. Rb1
b4 34. g3 Qb6 35. Kg2 b3 36. f4 Bf6 37. Qxb6 Rxb6 38. g4 b2 39. Kf3 Kf8 40. Re1
Bd4 41. h4 Bc3 42. Rd1 Rb4 43. Be4 Rc4 44. Bb1 Bg7 45. Be4 h5 46. g5 Rc3+ 47.
Kg2 Rc1 48. Rf1 Bc3 49. Kf2 Ke7 50. Ke2 Kd7 51. f5 gxf5 52. Bxf5+ Kc7 53. Bb1
Rxf1 54. Kxf1 Kb6 55. g6 fxg6 56. Bxg6 Kc5 57. Ke2 Kxd5 58. Kd1 Bf6 59. Kc2
Bxh4 60. Bxh5 Bf6 61. Bg6 Kc4 62. Bd3+ Kb4 63. Be4 Ka3 64. Bd5 Bg5 65. Be6 Bc1
66. Bd5 Kb4 67. Ba2 Kc5 68. Kd3 d5 69. Bb1 Kd6 70. Kd4 Bh6 71. Ba2 Bg7+ 72. Kd3
Ke5 73. Ke3 Kf5 74. Bb1+ Kg4 75. Ba2 Kg3 76. Ke2 Kf4 77. Kd3 Bf6 78. Bb1 Kf3
79. Ba2 Kf2 80. Kc2 1/2-1/2

[Event "SR 4. liga A21 2014/2015"]
[Site "?"]
[Date "2014.11.09"]
[Round "3.5"]
[White "Skapik, Branislav"]
[Black "Brunovsky, Peter"]
[Result "1/2-1/2"]
[WhiteElo "1822"]
[BlackElo "1869"]
[PlyCount "94"]
[EventDate "2014.??.??"]

1. Nf3 Nf6 2. g3 d5 3. Bg2 Bf5 4. d3 h6 5. Nbd2 e6 6. c4 c6 7. b3 Bc5 8. Bb2
Nbd7 9. Rc1 O-O 10. O-O Re8 11. d4 Bd6 12. Re1 Bh7 13. e3 Rc8 14. Ne5 Qc7 15.
Ndf3 Ne4 16. Nxd7 Qxd7 17. Ne5 Qd8 18. Qh5 Rc7 19. c5 Bf8 20. f4 g6 21. Qe2 f6
22. Ng4 Bg7 23. Bxe4 dxe4 24. Bc3 Qd5 25. Nf2 g5 26. Qh5 Rf7 27. Nh3 Qf5 28.
Kg2 Bg6 29. Qe2 Qd5 30. Rf1 Ref8 31. Bb2 Kh7 32. g4 Kg8 33. b4 a6 34. Bc3 Kh8
35. Rf2 Qd8 36. Qc4 Qd5 37. Qe2 Qd7 38. Rd1 Qe7 39. Rff1 f5 40. Rf2 Bf6 41.
Rdf1 Kg8 42. Kh1 Rh7 43. Rg2 Kf7 44. gxf5 Bxf5 45. Qh5+ Bg6 46. Qg4 Bf5 47.
Qh5+ Bg6 1/2-1/2

[Event "SR 4. liga A21 2014/2015"]
[Site "?"]
[Date "2014.11.09"]
[Round "3.5"]
[White "Valla, Tomas"]
[Black "Pericka, Pavol"]
[Result "0-1"]
[WhiteElo "1822"]
[BlackElo "1789"]
[PlyCount "72"]
[EventDate "2014.??.??"]

1. e4 e5 2. Bc4 Nc6 3. Nf3 Bc5 4. c3 Nf6 5. d3 h6 6. Bb3 d6 7. Nbd2 Bg4 8. Nf1
Qd7 9. h3 Bh5 10. Ng3 Bg6 11. Nh4 Ne7 12. Qf3 O-O-O 13. Be3 Bxe3 14. Nxg6 Bxf2+
15. Qxf2 fxg6 16. Qxa7 Nc6 17. Qa8+ Nb8 18. Ba4 c6 19. O-O-O Qc7 20. Bb3 Qb6
21. d4 Kc7 22. Qa4 d5 23. Rhe1 Nbd7 24. Re2 exd4 25. cxd4 Ra8 26. e5 Rxa4 27.
Bxa4 Qa6 28. Bb3 Ne4 29. Re3 Nxg3 30. Rxg3 g5 31. Rc3 Kd8 32. Bc2 Rf8 33. Ra3
Qe2 34. Rd2 Qf1+ 35. Bd1 Nb6 36. Rb3 Kc7 0-1

[Event "SR 4. liga A21 2014/2015"]
[Site "?"]
[Date "2014.11.09"]
[Round "3.5"]
[White "Sadlon, Matus"]
[Black "Zajicek, Ferdinand"]
[Result "1-0"]
[WhiteElo "1591"]
[BlackElo "1836"]
[PlyCount "121"]
[EventDate "2014.??.??"]

1. e4 c5 2. Nf3 Nc6 3. c3 g6 4. Be2 Bg7 5. O-O d6 6. d4 cxd4 7. Nxd4 Nf6 8.
Nxc6 bxc6 9. f3 O-O 10. Be3 Qc7 11. Nd2 Rb8 12. Nb3 Be6 13. Qc2 Qb7 14. Rfb1
Bxb3 15. axb3 Qxb3 16. Qxb3 Rxb3 17. Rxa7 Rfb8 18. Bc4 Rxc3 19. bxc3 Rxb1+ 20.
Kf2 d5 21. Ra8+ Bf8 22. Bh6 Nd7 23. exd5 cxd5 24. Bxd5 Rb8 25. Rxb8 Nxb8 26.
Bd2 Nd7 27. Ke2 Nb6 28. Bb3 e6 29. Kd3 Bd6 30. Be3 Nd7 31. h3 Kf8 32. Ba4 Ne5+
33. Kc2 Ke7 34. Bb5 f6 35. Kb3 g5 36. Ka4 h6 37. Bb6 h5 38. c4 Nd3 39. Bc6 h4
40. Be3 Bf4 41. Bg1 Ne1 42. Bb5 Nxg2 43. c5 Bc7 44. Bf1 Nf4 45. Kb5 Ng6 46. Kc6
Kd8 47. Kb7 Ne5 48. Be2 Nf7 49. Bc4 Ne5 50. Bxe6 Nxf3 51. Be3 Be5 52. c6 Ke7
53. Bd5 Nh2 54. Bb6 f5 55. Bc7 Bxc7 56. Kxc7 f4 57. Kb7 f3 58. c7 f2 59. Bc4 g4
60. hxg4 Nxg4 61. c8=Q 1-0

[Event "SR 4. liga A21 2014/2015"]
[Site "?"]
[Date "2014.11.09"]
[Round "3.5"]
[White "Kanka, Tomas"]
[Black "Svarc, Vaclav"]
[Result "1-0"]
[WhiteElo "1723"]
[BlackElo "1094"]
[PlyCount "81"]
[EventDate "2014.??.??"]

1. e4 e5 2. Nf3 Nc6 3. Bc4 Bc5 4. b4 Bd6 5. c3 Nf6 6. Qb3 O-O 7. d3 a5 8. b5 a4
9. Qd1 Na5 10. Qxa4 c6 11. Bg5 Be7 12. bxc6 dxc6 13. Nxe5 Bg4 14. Bxf6 b5 15.
Bxb5 cxb5 16. Qc2 Bxf6 17. Nxg4 Rc8 18. O-O b4 19. e5 Bg5 20. f4 Bh4 21. d4
bxc3 22. Rf3 Qxd4+ 23. Kh1 Qe4 24. Qxe4 c2 25. Nd2 c1=Q+ 26. Rxc1 Rxc1+ 27. Rf1
Rfc8 28. g3 R8c3 29. gxh4 h6 30. Qa8+ Kh7 31. Qxa5 R1c2 32. Ne4 Re3 33. Nxe3
Rc8 34. e6 fxe6 35. Nf5 exf5 36. Qxf5+ Kh8 37. Qxc8+ Kh7 38. Rg1 g6 39. Qd7+
Kh8 40. Rb1 Kg8 41. Rb8# 1-0

[Event "SR 4. liga A21 2014/2015"]
[Site "?"]
[Date "2014.11.09"]
[Round "3.6"]
[White "Curidlo, Jan"]
[Black "Kovarik, Oto"]
[Result "1/2-1/2"]
[WhiteElo "1889"]
[BlackElo "1926"]
[PlyCount "137"]
[EventDate "2014.??.??"]

1. e4 c5 2. Nf3 e6 3. d4 cxd4 4. Nxd4 Nc6 5. Be2 Nf6 6. Bf3 e5 7. Nxc6 bxc6 8.
O-O Bc5 9. Nc3 O-O 10. a3 a5 11. Re1 a4 12. Be3 Qb6 13. Rb1 Rd8 14. b4 axb3 15.
Rxb3 Qa7 16. h3 d6 17. Nb1 Be6 18. Bxc5 Qxc5 19. Rc3 Qb6 20. Qd3 d5 21. exd5
Bxd5 22. Qe3 Qxe3 23. Rcxe3 e4 24. Be2 g6 25. g4 h6 26. c4 Be6 27. f3 Rd4 28.
Rc3 c5 29. Kf2 exf3 30. Bxf3 Rb8 31. Rec1 Nd7 32. a4 Rb2+ 33. Ke3 f5 34. Be2
f4+ 35. Kf2 Ne5 36. R3c2 Rb8 37. Nd2 g5 38. a5 Nd3+ 39. Bxd3 Rxd3 40. Nf3 Rbb3
41. Ng1 Ra3 42. Rb1 Rxa5 43. Rb8+ Kg7 44. Rb7+ Kf6 45. Rb6 Re3 46. Rc6 Ke7 47.
Rb6 Kd7 48. Rcb2 Ra7 49. Rd2+ Ke7 50. Rc6 Ra5 51. Rc7+ Kf6 52. Rc6 Ra4 53. Rxc5
Rxc4 54. Rxc4 Bxc4 55. Rd6+ Be6 56. Rb6 Rb3 57. Rd6 Rb2+ 58. Ke1 Ke5 59. Ra6
Rb3 60. Kf2 Re3 61. Nf3+ Kf6 62. Rb6 Kf7 63. Rb7+ Kf6 64. Rb6 Ke7 65. Rb7+ Kd6
66. Rh7 Bd5 67. Rxh6+ Kc5 68. Nxg5 Rc3 69. Rf6 1/2-1/2